Csongrád megyében készített lucernaszénák beltartalmi vizsgálata 1979-88 között

Elmentve itt :
Bibliográfiai részletek
Szerző: Lieszkovszky Veronika
További közreműködők: Szűcsné Dr. Péter Judit (Témavezető)
Avasi Zoltán (Témavezető)
Dokumentumtípus: Szakdolgozat
Megjelent: 1989
Kulcsszavak:Beltartalom
Lucernaszéna
Csongrád megye
Tárgyszavak:
Online Access:http://diploma.bibl.u-szeged.hu/99402
LEADER 00828nta a2200241 i 4500
001 dipl99402
005 20211222082019.0
008 211213s1989 hu om 0|| hun d
040 |a SZTE Diploma Repozitórium  |b hun 
041 |a hun 
100 1 |a Lieszkovszky Veronika 
245 1 0 |a Csongrád megyében készített lucernaszénák beltartalmi vizsgálata 1979-88 között  |h [elektronikus dokumentum] /  |c Veronika Lieszkovszky 
260 |c 1989 
300 |a 46 
650 4 |a Agrár 
650 4 |a Agricultural sciences 
650 4 |a Animal and Dairy science 
695 |a Beltartalom 
695 |a Lucernaszéna 
695 |a Csongrád megye 
700 0 2 |a Szűcsné Dr. Péter Judit  |e ths 
700 0 2 |a Avasi Zoltán  |e ths 
856 4 0 |u https://diploma.bibl.u-szeged.hu/id/eprint/99402/1/1989_lieszkovszky_veronika.pdf  |z Dokumentum-elérés